000 00612nam a2200229Ia 4500
005 20260429112106.0
008 260429s9999||||xx |||||||||||||| ||und||
020 _a9781319545062
041 _aEnglish
082 _a305.23107
_bSIE
100 _aSiegler, Robert S.
245 0 _aHow children develop /
_cRobert S. Siegler
250 _a7th ed.
260 _aNew York :
_bWorth Publishers,
_c2024.
300 _axxxiii, 700 p.; pbk
650 _a Developmeny
650 _aChildren
700 _a Gershoff, Elizabeth T.
700 _a Leaper, Campbell
700 _a Saffran, Jenny R.
942 _cTB
999 _c52306
_d52306